| 000 | 00372nam a22001577a 4500 | ||
|---|---|---|---|
| 005 | 20160427094516.0 | ||
| 008 | 160427b xxu||||| |||| 00| 0 eng d | ||
| 020 | _a81-203-2384-X | ||
| 041 | _aeng | ||
| 082 | _b00204 | ||
| 100 |
_aStallings, William _999 |
||
| 245 | _aBusiness Data Communicating | ||
| 260 |
_aNew Delhi _bPHI Pvt Ltd. _c2002 |
||
| 300 | _a659 | ||
| 942 | _cBK | ||
| 999 |
_c75 _d75 |
||